000 005500000a22002050004500
999 _c48666
_d48666
001 1506
003 CO-MdFUSB
005 20171107150729.0
008 171107b xxu||||| |||| 00| 0 eng d
020 _a958-30-729-3
040 _cCO-MdBIC
082 0 4 _a861P C423i
100 1 _aChericián, David
245 1 0 _aIlógico zoológico / David Chericián ; ilustración Rocío Parra Parra
250 _aEdición Ricardo Rendón López
260 _aBogotá : Panamericana Editorial
300 _a56 P.
650 1 4 _aPoesía Cubana
942 _cLGB